Éléments de Géométrie Analytique (Record no. 145133)
[ view plain ]
| 000 -LEADER | |
|---|---|
| campo de control de longitud fija | 00716nam a2200193 i 4500 |
| 001 - NÚMERO DE CONTROL | |
| campo de control | 145133 |
| 003 - IDENTIFICADOR DE NÚMERO DE CONTROL | |
| campo de control | ES-MaACL |
| 005 - FECHA Y HORA DE LA ÚLTIMA TRANSACCIÓN | |
| campo de control | 20230906201153.0 |
| 007 - CAMPO FIJO DE DESCRIPCIÓN FÍSICA--INFORMACIÓN GENERAL | |
| campo de control de longitud fija | t| |
| 008 - DATOS DE LONGITUD FIJA--INFORMACIÓN GENERAL | |
| campo de control de longitud fija | 070214s1914 fr r ||||1| fre d |
| 100 1# - ENTRADA PRINCIPAL--NOMBRE DE PERSONA | |
| Nombre de persona | Sonnet, Hyppolyte. |
| 9 (RLIN) | 132817 |
| 245 10 - MENCIÓN DEL TÍTULO | |
| Título | Éléments de Géométrie Analytique |
| Resto del título | : rédigés conformément au programme d'admission áa l' École Polytechnique et áa l' École Normale Supérieure / |
| Mención de responsabilidad, etc. | par H. Sonnet et G. Frontera. |
| 250 ## - MENCION DE EDICION | |
| Mención de edición | 13ème éd. |
| 260 ## - PUBLICACIÓN, DISTRIBUCIÓN, ETC. | |
| Lugar de publicación, distribución, etc. | Paris : |
| Nombre del editor, distribuidor, etc. | Hachette et Cie., |
| Fecha de publicación, distribución, etc. | 1914 ( |
| Lugar de fabricación/manufactura | Coulommiers : |
| Fabricante | Paul Brodard) |
| 300 ## - DESCRIPCIÓN FÍSICA | |
| Extensión | II, 3-754 p. : |
| Otras características físicas | il. ; |
| Dimensiones | 22 cm. |
| 650 #4 - PUNTO DE ACCESO ADICIONAL DE MATERIA--TÉRMINO DE MATERIA | |
| Término de materia o nombre geográfico como elemento de entrada | Geometría analítica. |
| 9 (RLIN) | 13100 |
| 700 1# - ENTRADA AGREGADA--NOMBRE PERSONAL | |
| Nombre de persona | Frontera, G. |
| 9 (RLIN) | 52740 |
| 852 ## - LOCALIZACIÓN | |
| Ubicación | ES-MaACL |
| Número de control de estantería | F-5286 |
| Estatus retirado | Estado de pérdida | Estado de daño | No para préstamo | Biblioteca de origen | Biblioteca actual | Ubicación en estantería | Fecha de adquisición | Fuente de adquisición | Total de préstamos | Signatura topográfica completa | Código de barras | Visto por última vez | Precio de reemplazo | Tipo de ítem Koha |
|---|---|---|---|---|---|---|---|---|---|---|---|---|---|---|
| Biblioteca del Ateneo de Madrid | Biblioteca del Ateneo de Madrid | Depósito 2 | 17/01/2008 | F-5286 | 1151498 | 23/02/2023 | 23/02/2023 | Libro impreso |
